000 00666nam a22002172 4500
001 0000005232
005 20151217154352.0
008 070608s xx 000 0 eng d
020 _a0130852368 :
_cKES 3,300
040 _aKABU
_cKABU
050 0 _aTK7816
_b.F56 2001
100 1 _aFloyd, Thomas L.
_@0000156408
245 1 0 _aElectronics fundamentals :
_bcircuits, devices and applications.
250 _a5th ed.
260 _aUpper Saddle River, NJ :
_bPrentice Hall,
_c2001.
300 _axviii, 1049, [52] p. ;
_c cm.
650 0 _aElectronics.
_@0000010711
908 _a070608
950 _@1
999 _c10829
_d10829